| 000 | 00918nam a2200229Ia 4500 | ||
|---|---|---|---|
| 003 | GCL | ||
| 008 | 140319s9999 xx 000 0 ara d | ||
| 020 | _a1140000977 | ||
| 040 |
_aGCL / _cGCL |
||
| 082 | 0 | 4 |
_a621.38836 _bف هـ |
| 100 | 1 | _aفاروق محمد العامرى | |
| 245 | 1 | 0 |
_aالهوائى الطبقى للاستقبال من الاقمار الصناعية = DISH ANTENNA FOR RECEPTION OF SATELLITE PROGRAMS / _cفاروق محمد العامرى |
| 250 | _aالاولى | ||
| 260 |
_aالقاهرة : _bالدار المصرية اللبنانية ، _c1995 |
||
| 300 |
_aمج 1 ( 275 ص ): _bايض ؛ _c24 سم |
||
| 650 | 0 | 4 | _aاللاسلكى |
| 650 | 0 | 4 | _aالموجات القصيرة |
| 650 | 0 | 4 | _aالاقمار الصناعية |
| 650 | 0 | 4 | _aالموجات المغناطيسية الكهربائية |
| 650 | 0 | 4 | _aالاذاعة - ارسال واستقبال |
| 942 |
_2ddc _cBK |
||
| 999 |
_c56170 _d56170 |
||